| 000 | 00889nam a2200193 i 4500 | ||
|---|---|---|---|
| 001 | 161092 | ||
| 003 | ES-MaACL | ||
| 005 | 20251015193552.0 | ||
| 008 | 931025s1896 sp c |||| | spa d | ||
| 100 | 1 |
_aOrti y Brull, Vicente, _d-1897 _9130712 |
|
| 245 | 1 | 0 |
_aDoña María Manuela Pignatelli de Aragon y Gonzaga _b: duquesa de Villahermosa / _cpor Vicente Orti y Brull. |
| 260 |
_aMadrid : _b[s.n.], _c1896 ( _fEst. Tip. Viuda e hijos de M. Tello) |
||
| 300 |
_a2 v. : _blám., facsímiles pleg. ; _c24 cm. |
||
| 505 | 8 | _aContiene T.I : 1. Los Duques de Villahermosa -- T. 2. La Duquesa de Villahermosa | |
| 599 | 1 | _aRetrato de la Duquesa de Villahermosa. | |
| 600 | 1 | 7 |
_aVillahermosa, María Manuela Pignatelli de Aragón y Gonzaga, _cDuquesa de, _d1753-1816 _2 _9151997 |
| 852 |
_aES-MaACL _jB-4846-47 _z-- Enc. hol. conservando la cub. original |
||
| 999 |
_c161092 _d161092 |
||